000 01121nam a2200265Ia 4500
001 18295
003 GE_BSU
008 181216s||||||||xx |||||||||||||| ||und||
020 _a9789941180354
040 _cGE_BSU
080 _a321.64+323.282
100 _aკურტუა,ს., ვერთი,ნ., პანე, ჟან-ლუი.,პაჩკოვსკი,ა.,და სხვ.
245 _aკომუნიზმის შავი წიგნი
245 _bდანაშაულები,ტერორი,რეპრესია
245 _cრედ. ი. რევიშვილი. ნ. ვაჩეიშვილი
260 _aთბილისი
260 _bილიას სახელმწიფო უნ-ტი
260 _c2011
300 _a743გვ.24სმ.
300 _eსაძიებელი გვ.: 725-733., ბიბლ.გვ. 735-743
541 _h34ლ.
653 _aდანაშაულები,ტერორი,რეპრესია
653 _aკომუნიზმის შავი წიგნი
942 _cBK
999 _c51326
_d51326